| 000 | 00682nam a2200217Ia 4500 | ||
|---|---|---|---|
| 003 | GCL | ||
| 008 | 140319s9999 xx 000 0 ara d | ||
| 040 |
_aGCL / _cGCL |
||
| 082 | 0 | 4 |
_a953.751 _bس ج |
| 100 | 1 | _aسعيد بن على المغيرى | |
| 245 | 1 | 0 |
_aجهينة الاخبار فى تاريخ زنجبار / _cسعيد بن على المغيرى |
| 700 | 1 | _aعبدالمنعم عامر | |
| 260 |
_a[S.N] : _bوزارة التراث القومى والثقافة ، _c1979 |
||
| 300 | _a532 ص | ||
| 490 | _a | ||
| 650 | 0 | 4 | _aتاريخ |
| 650 | 0 | 4 | _aافريقيا الشرقية |
| 650 | 0 | 4 | _aسلطنة عمان |
| 650 | 0 | 4 | _aزنجبار |
| 942 |
_2ddc _cBK |
||
| 999 |
_c35840 _d35840 |
||